|
|
|
|
| LEADER |
00899nam a2200229 a 4500 |
| 001 |
GR-MES5056 |
| 008 |
991111s1989 ne 000 b eng d |
| 020 |
|
|
|a 0444871551
|
| 040 |
|
|
|a GrPaTEI
|b gre
|c GR-PaULI
|
| 245 |
0 |
0 |
|a Integrated multiregion models for policy analysis :
|b an Australian perspective.
|
| 260 |
|
|
|a Amsterdam :
|b Elsevier science publishers,
|c 1989
|
| 300 |
|
|
|a 375σ.
|
| 490 |
0 |
|
|a studies in regional science and urban economics ;
|v 19
|
| 650 |
|
4 |
|a ΑΥΣΤΡΑΛΙΑ
|
| 650 |
|
4 |
|a Μαθηματικά
|
| 650 |
|
4 |
|a Οικονομία
|
| 700 |
1 |
|
|a Smith, C.
|
| 710 |
0 |
|
|a Elsevier science publishers
|
| 942 |
|
|
|2 ddc
|
| 952 |
|
|
|0 0
|1 0
|2 ddc
|4 0
|6 338_994000000000000_SMI
|7 0
|9 275624
|a MSLG
|b MSLG
|c BSC
|d 2021-01-17
|e 24
|f 0
|g 0.00
|l 0
|o 338.994 SMI
|p 2420000015190
|r 2021-01-17 00:00:00
|t 1
|w 2021-01-17
|y BK15
|x 19991111 0 1
|x GrPaTEI
|
| 971 |
|
|
|a .b25835221
|b 15-04-20
|c 14-09-16
|
| 999 |
|
|
|c 159711
|d 159711
|